KOHA-Header-6

Principles of Economics (Record no. 1658)

000 -LEADER
fixed length control field 00396nam a2200169Ia 4500
003 - CONTROL NUMBER IDENTIFIER
control field OSt
005 - DATE AND TIME OF LATEST TRANSACTION
control field 20191005142521.0
008 - FIXED-LENGTH DATA ELEMENTS--GENERAL INFORMATION
fixed length control field 190723s9999 xx 000 0 und d
020 ## - INTERNATIONAL STANDARD BOOK NUMBER
International Standard Book Number 9789834708566
040 ## - CATALOGING SOURCE
Transcribing agency maju
100 ## - MAIN ENTRY--PERSONAL NAME
Personal name Deviga Vengedasalam
245 #0 - TITLE STATEMENT
Title Principles of Economics
250 ## - EDITION STATEMENT
Edition statement 3rd
260 ## - PUBLICATION, DISTRIBUTION, ETC. (IMPRINT)
Place of publication, distribution, etc New york
Name of publisher, distributor, etc Oxford University
Date of publication, distribution, etc 2013
300 ## - PHYSICAL DESCRIPTION
Extent 388.:p
942 ## - ADDED ENTRY ELEMENTS (KOHA)
Koha item type Books
Source of classification or shelving scheme
Holdings
Withdrawn status Lost status Source of classification or shelving scheme Damaged status Not for loan Collection code Permanent Location Current Location Shelving location Date acquired Total Checkouts Total Renewals Full call number Barcode Date last seen Date checked out Price effective from Koha item type
          Economics MAJU MAJU Shelf No.A48 2019-07-23 7 1 330 8281 2024-12-10 2024-12-02 2019-07-23 Economics

Powered by Koha